Tilastot visalle Azerbaidžan-visa

Klikkaa tästä pelataksesi tätä visaa!

Yleistilastot

  • Tätä visaa on pelattu 50 kertaa
  • Keskiarvotulos 13 / 20

Vastaustilastot

VihjeVastaus% Oikein
Valtio, josta Azerbaidžan itsenäistyi vuonna 1991Neuvostoliitto
97%
PääkaupunkiBaku
95%
NaapurimaatArmenia
95%
NaapurimaatGeorgia
95%
NaapurimaatVenäjä
95%
Meri, jonka rannalla pääkaupunki sijaitseeKaspianmeri
87%
NaapurimaatIran
87%
NaapurimaatTurkki
87%
1900-luvun alussa yli puolet maailman ____tuotannosta oli AzerbaidžanissaÖljy
68%
Vuoristo maan pohjoisosassaKaukasus
66%
Urheilulaji, jossa Azerbaidžan on voittanut suurimman osan olympiamitaleistaanPaini
66%
Puhutuin kieliAzeri
63%
Vuonna 1991 itsenäiseksi julistautunut alue, jossa on ollut jatkuvia levottomuuksiaArtsakh
63%
Azerbaidžanissa syntynyt shakin suurmestari, joka oli maailmanmestari vuosina 1985–2000Garri Kasparov
42%
Azerbaidžanin autonominen eksklaavi sen kolmen naapurimaan välissäNahitševan
37%
ValuuttaManat
37%
Maan halki virtaava joki, jonka laaksossa on harjoitettu maanviljelyä yli 4500 vuottaKura
37%
Toiseksi suurin kaupunki, tunnettiin aiemmin nimellä KirovabadGəncə
32%
Azerbaidžanissa on yli 400 tällaista "tulivuorta", enemmän kuin missään muualla{Muta}tulivuori
32%
Perinteinen azerbaidžanilainen musiikkityyli, joka on Unescon aineettoman kulttuuriperinnön luettelossaMugam
21%

Tulosjakauma

Persentiili vastausten määrän mukaan

Jokaisen tuloksen saaneiden osuus

Tuloshistoriasi

Et ole pelannut tätä visaa